000 02817nka a2200385 i 4500
001 102937
003 ES-MaACL
005 20250822063150.0
007 t|
008 051220q1793 sp | |r||1c|spa d
100 1 _aAmetller Rotllan, Blas,
_d1768-1841
_eegr
_9158866
245 1 4 _a[El aguador de Sevilla]
_h[Material gráfico] /
_cVelazquez lo pinto , Leon Bueno lo dibujó ; Blas Ametller lo grabó en Madrid baxo la dirección de Dn. M.S. Carmona
260 _a[S.l. :
_bs.n.,
_cca. 1793]
300 _a1 estampa :
_bgrabado calcográfico ;
_c450 x 330 mm
490 1 _aColección facticia de grabados ;
_v17
_9184692
500 _aInscripción: "Este quadro del Aguador de Sevilla, pintado por D. Diego Velazquez segun su primer estilo, dá á conocer, como notó el Caballero Mengs, el cuidado con el que se sujetó en sus principios aquel gran Pintor á la imitación del natural. Tiene tres pies de rey y quatro pulgadas de alto, y de ancho dos pies y seis pulgadas: está en el Real Palacio de Madrid"
500 _aEstampa que reproduce la pintura de Velázquez que se conservaba en el Palacio Real de Madrid, hoy en la Apsley House de Londres. Ametller grabó la plancha de cobre en 1793, por la que cobró 12.000 reales, a partir de un dibujo de León Bueno
520 _aEstampa que reproduce el famoso "Aguador de Sevilla", una de las obras fundamentales del naturalismo Barroco sevillano y una de las más importantes de la primera etapa de Velázquez. La cuidada ejecución de Ametller consigue un acercamiento bastante fiel al lienzo original, siendo una muestra excepcional de los resultados conseguidos por los grabadores académicos de finales del XVIII en el manejo del buril.
530 _aDisponible en formato digital
600 1 4 _aVelázquez, Diego,
_d1599-1660.
_tEl aguador de Sevilla
_9241812
650 7 _aAguadores
_2embne
_9241969
655 7 _aGrabados calcográficos
_2tgfbne
_9241761
655 7 _aGrabados
_2tgfbne
_9226846
655 4 _aReproducciones de obras de arte
_9241931
700 1 _aVelázquez, Diego,
_d1599-1660
_eart
_9113793
700 1 _aBueno, León,
_ds. XVIII
_edrm
_932380
700 1 _aSalvador Carmona, Manuel,
_d1734-1820
_edrt
_9102084
830 0 _aColección facticia de grabados ;
_v17
_9184692
852 4 _aES-MaACL
_cDEPO2
_jGF-2(17)
856 4 _uhttps://www.bibliotecadigitaldeandalucia.es/catalogo/es/consulta/registro.do?id=1013935
_yVersión en línea
_z(Biblioteca Digital de Andalucía)
856 4 _uhttps://ceres.mcu.es/pages/ResultSearch?txtSimpleSearch=El%20Aguador%20de%20Sevilla&simpleSearch=0&hipertextSearch=1&search=simpleSelection&MuseumsSearch=MJ%7C&MuseumsRolSearch=2&
_yVersión en línea
_z(CER.es (Colecciones en Red))
942 _2udc
_cDIBGRB
_n0
999 _c102937
_d102937